UBT Library

The Virulence of Escherichia coli (Record no. 48054)

000 -LEADER
fixed length control field 00300nam a22001337a 4500
008 - FIXED-LENGTH DATA ELEMENTS--GENERAL INFORMATION
fixed length control field 180919b xxu||||| |||| 00| 0 eng d
020 ## - INTERNATIONAL STANDARD BOOK NUMBER
International Standard Book Number 0126775206
041 ## - LANGUAGE CODE
Language code of text/sound track or separate title eng
080 ## - UNIVERSAL DECIMAL CLASSIFICATION NUMBER
Universal Decimal Classification number 579
100 ## - Rafti
Rafti 11
101 ## - Shkurtesa
Shkurtesa MIK
245 ## - TITLE STATEMENT
Title The Virulence of Escherichia coli
Statement of responsibility, etc Sussman, M
942 ## - ADDED ENTRY ELEMENTS (KOHA)
Source of classification or shelving scheme
Item type Books
Holdings
Withdrawn status Lost status Source of classification or shelving scheme Damaged status Not for loan Collection code Permanent location Current location Shelving location Date acquired Total Checkouts Full call number Barcode Date last seen Price effective from Koha item type
          Koleksioni i përgjithshem UBT - Lipjan UBT - Lipjan Koleksioni i përgjithshem 09/19/2018   579 SUS 002-3012465 09/19/2018 09/19/2018 Books
UBT Library © 2015-2024. All rights reserved University Education for Business and Technology